000 00582nam a22001937a 4500
005 20171128150714.0
010 _aENG-121631
020 _a9789381234242
_c495.00
035 _aEN-105163
037 _bDBAD/PUB
082 _a954.083
100 _aVerma,Mohan
245 _a1857 :
_cby Mohan Verma
_ba great rebellion /
260 _aDelhi
_bAnkit Publications
_c2013
270 _aR-69, 3rd floor,Model Town-III
_bDelhi
_e110009
300 _a270p.:
_c22cm(pbk)
_bill.(maps)
500 _aIncludes bibliographical references
942 _2ddc
_cEN
_mVER
_h954.083
999 _c147785
_d147785